Planovo stopanstvo i statistika

Enregistré dans:
Détails bibliographiques
Format: Publication en série
Langue:bulgare
Publié: Sofija Daržavna planova komisija 1962
Tags: Ajouter un tag
Pas de tags, Soyez le premier à ajouter un tag!

MARC

LEADER 00000nas2a2200000$$$4500
001 0011034
005 20250730114259.1
041 0 |a bul 
044 |a BG 
245 1 0 |a Planovo stopanstvo i statistika 
264 1 |a Sofija  |b Daržavna planova komisija  |c 1962 
300 |a 1 zv. 
773 0 |w eu_un_cat*0011027